000 00269nam a22001217a 4500
008 180912b xxu||||| |||| 00| 0 eng d
041 _aeng
080 _a591
100 _a7
101 _aMJE
245 _aThe Year Of Agriculture 1962
_cEnin.E.W
942 _2udc
_cBK
999 _c47695
_d47695